03361naa a2200181 a 450000100080000000500110000800800410001910000190006024500970007926000090017652027500018565300160293565300270295165300310297870000170300970000250302677301280305111268542017-11-16 2017 bl uuuu u00u1 u #d1 aARA??JO, E. R. aRea????o de gen??tipos de cebola ao m??ldio (Peronospora destructor).h[electronic resource] c2017 aA cebola (Allium cepa L.) ?? a terceira hortali??a em import??ncia econ??mica no Brasil. Entre as doen??as foliares da cultura, o m??ldio ?? o principal fator limitante de produ????o na regi??o sul do pa??s. Por n??o haver cultivares com resist??ncia ou toler??ncia, o manejo da doen??a ?? realizado por meio de aplica????es frequentes de fungicidas. Diante desse panorama, este trabalho objetivou avaliar os n??veis de resist??ncia de 46 gen??tipos de cebola ao m??ldio. O experimento foi conduzido a campo, em 2015. A doen??a ocorreu por inocula????o natural. N??o houve aplica????o de fungicida no experimento. Cada parcela experimental foi composta por seis linhas com 20 plantas, espa??adas em 0,075 m (entre plantas) ?? 0,35 m (entre linhas). Dos 46 gen??tipos avaliados: 31 correspondiam a cultivares comerciais de poliniza????o livre; oito eram h??bridos experimentais; dois eram h??bridos comerciais; e cinco eram cultivares experimentais de poliniza????o livre, originados por sele????o massal em cultivos agroecol??gicos. A severidade da doen??a foi quantificada quinzenalmente, com aux??lio de escala de notas para toda a parcela. Os valores de severidade foram integralizados e calculados pela ??rea abaixo da curva de progresso da doen??a (AACPD). Para c??lculo da produtividade comercial foram considerados bulbos sadios, com di??metro ≥ 35 mm. O delineamento experimental foi casualizado em blocos, com tr??s repeti????es. Todos os gen??tipos apresentaram sintomas. Contudo, foi poss??vel observar diferen??as significativas de severidade e produtividade entre os materiais avaliados. O teste de agrupamento Skott-Knott (p = 0,05) permitiu a forma????o de cinco grupos distintos, tanto para a AACPD, quanto para a produtividade comercial. Os gen??tipos Superprecoce- Agroecol??gica e Bola Precoce-Agroecol??gica, ambos oriundos de sele????o em cultivo agroecol??gico, se alocaram respectivamente, nos grupos com menor AACPD (187,8 e 241,5) e maior produtividade (22,2 e 20,7 ton. ha-1). Os h??bridos avaliados n??o apresentaram boa adaptabilidade ?? regi??o. Dessa forma, desenvolveram pouca ??rea foliar, o que acarretou em baixa severidade da doen??a e baixa produtividade. A maior toler??ncia ao m??ldio observada nos materiais de origem agroecol??gica ser?? investigada, a fim de esclarecer se esta ?? uma caracter??stica gen??tica, ou se est?? relacionada a algum efeito epigen??tico. Para isso, gera????es filiais ser??o avaliadas a campo, em sistemas convencionais de produ????o. Em conclus??o, as severidades e produtividades contrastantes observadas no presente estudo poder??o auxiliar na composi????o de uma base gen??tica para o programa de melhoramento de cebola da Epagri-Esta????o Experimental de Ituporanga. aAllium cepa aPeronospora destructor aresist??ncia de gen??tipos1 aALVES, D. P.1 aGON??ALVES, P. A. S. tIn: REUNI??O ANUAL DO INSTITUTO BIOL??GICO, 30., 2017, S??o Paulo. Resumos... S??o Paulo: Instituto Biol??gico, 2017. p. 90